Lol - Tous les items - Statistiques

Statistiques générales
  • Ce quiz a été pris 156 fois
  • Le résultat moyen est 21 sur 180
Statistiques - réponses
Hint Réponse % Correct
De départ Anneau de Doran
84%
De départ Bouclier de Doran
84%
De départ Lame de Doran
65%
Basique Épée longue
55%
Légendaire Coiffe de Rabadon
48%
De départ Sceau Noir
48%
Basique Dague
44%
De départ Larme de la déesse
42%
Légendaire Lame d’infini
39%
Bottes Bottes
35%
De départ Abatteur
33%
Légendaire Cœuracier
31%
Légendaire Lame du roi déchu
30%
Légendaire Armure de Warmog
28%
Légendaire Force de la trinité
28%
De départ Atlas
27%
De départ Bébé Ixamandre / Bébé Chardent / Bébé Saute-nuages
27%
Basique BF Glaive
27%
Légendaire Bâton du vide
26%
Basique Cristal de rubis
26%
Basique Baguette trop grosse
25%
Légendaire Sablier de Zhonya
25%
Légendaire Mejai
24%
Légendaire Percepteur
24%
Légendaire Manamune / Muramana
23%
Légendaire Soif-de-sang
23%
Basique Tome d’amplification
21%
Légendaire Jak’Sho, le Protéiforme
19%
Légendaire Ciel éventré
18%
Basique Pioche
18%
Légendaire Cotte Épineuse
17%
Légendaire Couperet noir
17%
Légendaire Éclipse
17%
Légendaire Flamme-ombre
17%
Légendaire Flèches de Yun Tal
17%
Légendaire Gage de Sterak
17%
Légendaire Lance de Shojin
17%
Légendaire Rappel mortel
17%
Légendaire Tueur de Krakens
17%
Légendaire Visage spirituel
17%
Légendaire Canon ultrarapide
16%
Légendaire Cœur gelé
16%
Légendaire Compagnon de Luden
16%
Légendaire Danse de la mort
16%
Légendaire Estropieur
16%
Légendaire Hydre titanesque
16%
Bottes Coques en acier
15%
Basique Cristal de saphir
15%
Légendaire Dent de Nashor
15%
Légendaire Hydre vorace
15%
Légendaire Plaque du mort
15%
Légendaire Voile de la banshee
15%
Basique Baguette explosive
14%
Bottes Bottes de célérité
14%
Épique Chapitre perdu
14%
Épique Dague dentelée
14%
Légendaire Présage de Randuin
14%
Légendaire Bâton de l’archange / Étreinte du séraphin
13%
Légendaire Hydre profane
13%
Légendaire Malfaisance
13%
Légendaire Médaillon de l’Iron Solari
13%
Bottes Sandales de Mercure
13%
Légendaire Ange gardien
12%
Légendaire Approche de l’hiver / Fimbulvetr
12%
Légendaire Bâton Séculaire
12%
Bottes Bottes de lucidité
12%
Épique Ceinture du géant
12%
Légendaire Danseur fantôme
12%
Épique Arc courbe
11%
Épique Armure roncière
11%
Basique Cape d’agilité
11%
Légendaire Égide solaire
11%
Légendaire Fléau de liche
11%
Épique Tiamat
11%
Légendaire Torche noire
11%
Légendaire Arc-bouclier immortel
10%
Basique Armure d’étoffe
10%
Légendaire Au bout du rouleau
10%
Légendaire Faux spectrale
10%
Légendaire Rancune de Serylda
10%
Légendaire Rédemption
10%
Légendaire Salutations de Dominik
10%
Légendaire Sceptre de Rylai
10%
Légendaire Tourment de Liandry
10%
Légendaire Arc axiomatique
9%
Légendaire Convergence de Zeke
9%
Légendaire Créateur de failles
9%
Épique Dernier souffle
9%
Légendaire Désespoir infini
9%
Légendaire Force de la nature
9%
Épique Manteau de Négatron
9%
Légendaire Brise-coques
8%
Épique Brutaliseur
8%
Légendaire Manteau de la nuit
8%
Légendaire Morellonomicon
8%
Légendaire Onde orageuse
8%
Épique Sceptre vampirique
8%
Légendaire Vœu du chevalier
8%
Légendaire Crochet de serpent
7%
Légendaire Gueule de Malmortius
7%
Légendaire Masque abyssal
7%
Légendaire Ouragan de Runaan
7%
Épique Phage
7%
Légendaire Régénérateur de pierre de lune
7%
Épique Zèle
7%
Légendaire Bénédiction de Mikael
6%
Légendaire Gantelet givrant
6%
Légendaire Lame enragée de Guinsoo
6%
Légendaire Orgueil
6%
Basique Poussière luisante
6%
Épique Protège-bras du savant
6%
Légendaire Tremblelame navori
6%
Légendaire Bâton des flots
5%
Épique Brillance
5%
Bottes Chaussures de sorcier
5%
Basique Collier rafraîchissant
5%
Légendaire Épée dentelée chimico-punk
5%
Bottes Jambières du berzerker
5%
Légendaire Opportunité
5%
Légendaire Poignard de Statikk
5%
Légendaire Terminus
5%
Épique Alternateur Hextech
4%
Légendaire Armure sanguine
4%
Basique Cape de néant
4%
Basique Charme féérique
4%
Épique Codex méphitique
4%
Légendaire Concentration lointaine
4%
Légendaire Cyclosabre voltaïque
4%
Épique Foreuse
4%
Épique Gemme exaltante
4%
Légendaire Mandat impérial
4%
Légendaire Mélodie du sang
4%
Épique Orbe de l’oubli
4%
Légendaire Rayonnement du vide
4%
Légendaire Rookern kaénique
4%
Légendaire Volonté cosmique
4%
Épique Carquois zénithien
3%
Légendaire Ceinture-Roquette Hextech
3%
Épique Cotte de mailles
3%
Légendaire Encensoir ardent
3%
Légendaire Glaive d’ombre
3%
Épique Hache d’Âtrinsèque
3%
Légendaire Hexplaque expérimentale
3%
Légendaire Lame Spectre de Youmuu
3%
Bottes Semelles symbiotiques
3%
Épique Cendres de Bami
2%
Légendaire Chant de guerre de Shurelya
2%
Légendaire Fleur de crypte
2%
Épique Hexterminateur
2%
Épique Idole interdite
2%
Épique Mailles du gardien
2%
Légendaire Malédiction du sanguinaire
2%
Épique Marque du bourreau
2%
Légendaire Opposition Céleste
2%
Légendaire Sac de l’explorateur
2%
Légendaire Traîneau du solstice
2%
Épique Barrière verdoyante
1%
Épique Bracelet cristallin
1%
Épique Ceinture de mercure
1%
Légendaire Cimeterre mercuriel
1%
Épique Déguisement hanté
1%
Légendaire Échos d’Helya
1%
Épique Égide de la légion
1%
Épique Fronde de l’éclaireur
1%
Épique Manteau de spectre
1%
Épique Marteau de Caulfield
1%
Épique Miroir en verre de Bandle
1%
Légendaire Rêve Éveillé
1%
Épique Bouclier glacial
0%
Épique Cataliseur de l’éternité
0%
Épique Cendres fatidiques
0%
Légendaire Cœur de l’aube
0%
Épique Feu follet éthéré
0%
Épique Joyau putréfiant
0%
Épique Pierre de balise attentive
0%
Légendaire Pierre de balise vigilante
0%
Légendaire Pique dimensionnelle du Zaz’Zak
0%
Épique Plaque de lune ailée
0%
Épique Rectrix
0%
Épique Sceau d’acier
0%
Aucun quiz correspondant
Distribution des résultats
% des personnes avec chaque résultat
Percentile par nombre de réponses
Votre historique - résultats
Vous n’avez pas pris ce quiz